<?xml version="1.0" encoding="UTF-8"?><?xml-stylesheet type="text/xsl" href="static/style.xsl"?><OAI-PMH xmlns="http://www.openarchives.org/OAI/2.0/" xmlns:xsi="http://www.w3.org/2001/XMLSchema-instance" xsi:schemaLocation="http://www.openarchives.org/OAI/2.0/ http://www.openarchives.org/OAI/2.0/OAI-PMH.xsd"><responseDate>2026-04-27T19:55:34Z</responseDate><request verb="GetRecord" identifier="oai:uvadoc.uva.es:10324/42668" metadataPrefix="marc">https://uvadoc.uva.es/oai/request</request><GetRecord><record><header><identifier>oai:uvadoc.uva.es:10324/42668</identifier><datestamp>2021-06-20T14:37:40Z</datestamp><setSpec>com_10324_2555</setSpec><setSpec>col_10324_2559</setSpec></header><metadata><record xmlns="http://www.loc.gov/MARC21/slim" xmlns:doc="http://www.lyncode.com/xoai" xmlns:xsi="http://www.w3.org/2001/XMLSchema-instance" xmlns:dcterms="http://purl.org/dc/terms/" xsi:schemaLocation="http://www.loc.gov/MARC21/slim http://www.loc.gov/standards/marcxml/schema/MARC21slim.xsd">
<leader>00925njm 22002777a 4500</leader>
<datafield tag="042" ind1=" " ind2=" ">
<subfield code="a">dc</subfield>
</datafield>
<datafield tag="720" ind1=" " ind2=" ">
<subfield code="a">Departamento de Ingeniería Química y Tecnologías del Medio Ambiente, Profesores</subfield>
<subfield code="e">author</subfield>
</datafield>
<datafield tag="260" ind1=" " ind2=" ">
<subfield code="c">2010</subfield>
</datafield>
<datafield tag="520" ind1=" " ind2=" ">
<subfield code="a">Vídeos de apoyo a la docencia en asignaturas del departamento de Ingeniería Química y Tecnologías del Medio Ambiente que resultan de la grabación de imagen de pantalla y el sonido de las explicaciones del profesor. Elaborados en el PROYECTO DE INNOVACIÓN DOCENTE 2019/2020 Ref:089 "Vídeos para apoyo al aprendizaje en las áreas de Ingeniería Química y Tecnologías del Medio Ambiente".</subfield>
</datafield>
<datafield tag="024" ind2=" " ind1="8">
<subfield code="a">http://uvadoc.uva.es/handle/10324/42668</subfield>
</datafield>
<datafield tag="245" ind1="0" ind2="0">
<subfield code="a">Vídeos elaborados en el PROYECTO DE INNOVACIÓN DOCENTE 2019/2020 Ref:089 "Vídeos para apoyo al aprendizaje en las áreas de Ingeniería Química y Tecnologías del Medio Ambiente"</subfield>
</datafield>
</record></metadata></record></GetRecord></OAI-PMH>